000 00610nam a22001817a 4500
999 _c172337
_d172337
005 20200203112951.0
010 _aENG-127617
020 _a9789388322560
_c499.00
035 _aEN-111149
037 _bDBAD/PUB
082 _a320.9540904
100 _aBhatnagar, Ashwini
245 _aThe Lotus Years Political Life in India in the Time of Rajiv Gandhi/
_bby Ashwini Bhatnagar
260 _aGurugram
_bHachette India
_c2019
270 _bGurugram
_a4th & 5th floor , corporate centre, plot no-94,sector-44
_e122003
300 _axxiv;320p.
_b20cm(hb)
942 _2ddc
_cEN
_h320.9540904
_mBHA